The village gymnasium at Philoteris/Watfa in the Fayum

Titel: The village gymnasium at Philoteris/Watfa in the Fayum / Peter Kopp, Cornelia Römer ; Mitwirkende: Rita Hartmann, Cäcilia Fluck, Mary F. Ownby, Daniela Rosenow
Verfasser: ;
Beteiligt: ; ; ;
Ausgabe: ©2025
Veröffentlicht: Berlin : Deutsches Archäologisches Institut, 2025
Umfang: 1 Online-Ressource
Format: E-Book
Sprache: Englisch
Schriftenreihe/
mehrbändiges Werk:
Archäologische Veröffentlichungen ; 10
RVK-Notation:
Schlagworte:
ISBN: 9783447123532
Buchumschlag
X
alg: 54115527
001A    $06000:09-01-26 
001B    $01999:10-01-26 $t23:24:48.000 
001D    $06000:09-01-26 
001U    $0utf8 
001X    $00 
002@    $0Oax 
002C    $aText $btxt $2rdacontent 
002D    $aComputermedien $bc $2rdamedia 
002E    $aOnline-Ressource $bcr $2rdacarrier 
003@    $054115527X 
004A    $A978-3-447-12353-2 
004U    $0urn:nbn:de:101:1-2512081546496.000960164131 
006G    $01383746184 
006U    $026,O01 $f20251208 
007A    $01383746184 $aDNB 
009Q    $uhttps://nbn-resolving.org/urn:nbn:de:101:1-2512081546496.000960164131 $xR 
009Q    $qapplication/pdf $S0 $uhttps://doi.org/10.34780/k07xr378 $xH 
010@    $aeng 
011@    $a2025 $n2025 
021A    $aThe @village gymnasium at Philoteris/Watfa in the Fayum $hPeter Kopp, Cornelia Römer ; Mitwirkende: Rita Hartmann, Cäcilia Fluck, Mary F. Ownby, Daniela Rosenow 
028A    $BVerfasser $4aut $D20251209 $Ecgwrk $8Kopp, Peter [Tp3] $9465535526 
028C    $BVerfasser $#Römer, Cornelia Eva $#Römer, Cornelia E. $#Römer, C. E. $4aut $D20251209 $Ecgwrk $71059092875 $8Römer, Cornelia$Z1953- [Tp1] $9348207069 
028C    $BMitwirkender $4oth $D20251209 $Ecgwrk $71124857095 $8Hartmann, Rita [Tp3] $9399451544 
028C    $BMitwirkender $4oth $D20251209 $Ecgwrk $71151050474 $8Fluck, Cäcilia$Z1963- [Tp3] $9425100014 
028C    $BMitwirkender $#Ownby, Mary $4oth $D20251209 $Ecgwrk $71132365481 $8Ownby, Mary F. [Tp3] $9403253918 
028C    $BMitwirkender $4oth $D20251209 $Ecgwrk $71064703763 $8Rosenow, Daniela [Tp3] $9352715421 
032@    $a©2025 
033A    $pBerlin $nDeutsches Archäologisches Institut 
034D    $a1 Online-Ressource 
036E    $aArchäologische Veröffentlichungen $l10 
037A    $aVom Verlag als Druckwerk on demand und/oder als E-Book angeboten 
037A    $aErscheinungsjahr der gedruckten Ausgabe des Digitalisats: 2025 
044K    $#Madinat Watfa $7137998520X $8Philoteris [Tg3] $9534611540 
044K    $RSportstätte $#Gymnasiums Greece $#Gymnases Grèce $#Ginnasi  $74231786-1 $8Gymnasion [Ts1] $9086210793 
044K    $RBodendenkmal $RFunde $#Excavations (Archaeology) $#Fouilles archéologiques $#Scavi archeologici $#Excavaciones arqueológicas $#Excavación $#Grabung $#Archäologische Grabung $#Ausgrabungen $#Grabungen $74129464-6 $8Ausgrabung [Tsz] $9085453749 
044K    $RAusgrabung $RBodendenkmal $#Bodenfund $#Bodenfunde $#Archäologische Funde $74071507-3 $8Funde [Tsz] $9085201480 
045B    $a759.3 $ADNB $e23kdnb $Emaschinell gebildet $K0,54694 
045E    $c900 $c750 
045Z    $8LE 5250 [Tkv] $9409840858 
046X    $aArchivierung/Langzeitarchivierung gewährleistet $5DE-101 
046Y    $aOhne Altersbeschränkung 
047A    $aSacherschließung maschinell aus paralleler Ausg. übernommen 

lok: 54115527 3

exp: 54115527 3 1 #EPN
201B/01 $010-01-26 $t01:01:33.977 
201C/01 $010-01-26 
201U/01 $0utf8 
203@/01 $01331363594 
208@/01 $a10-01-26 $bl 
209S/01 $S0 $uhttps://doi.org/10.34780/k07xr378 $XH 

lok: 54115527 5

exp: 54115527 5 1 #EPN
201B/01 $010-01-26 $t01:01:33.980 
201C/01 $010-01-26 
201U/01 $0utf8 
203@/01 $01331363608 
208@/01 $a10-01-26 $bl 
209S/01 $S0 $uhttps://doi.org/10.34780/k07xr378 $XH 

lok: 54115527 8

exp: 54115527 8 1 #EPN
201B/01 $010-01-26 $t01:01:33.983 
201C/01 $010-01-26 
201U/01 $0utf8 
203@/01 $01331363616 
208@/01 $a10-01-26 $bl 
209S/01 $S0 $uhttps://doi.org/10.34780/k07xr378 $XH 

lok: 54115527 10

exp: 54115527 10 1 #EPN
201B/01 $010-01-26 $t01:01:33.985 
201C/01 $010-01-26 
201U/01 $0utf8 
203@/01 $01331363624 
208@/01 $a10-01-26 $bl 
209S/01 $S0 $uhttps://doi.org/10.34780/k07xr378 $XH 

lok: 54115527 11

exp: 54115527 11 1 #EPN
201B/01 $010-01-26 $t01:01:33.987 
201C/01 $010-01-26 
201U/01 $0utf8 
203@/01 $01331363632 
208@/01 $a10-01-26 $bl 
209S/01 $S0 $uhttps://doi.org/10.34780/k07xr378 $XH 

lok: 54115527 13

exp: 54115527 13 1 #EPN
201B/01 $010-01-26 $t23:24:48.046 
201C/01 $010-01-26 
201U/01 $0utf8 
203@/01 $0133196489X 
208@/01 $a10-01-26 $bl 
209S/01 $S0 $uhttps://doi.org/10.34780/k07xr378 $XH 

lok: 54115527 21

exp: 54115527 21 1 #EPN
201B/01 $010-01-26 $t01:01:33.990 
201C/01 $010-01-26 
201U/01 $0utf8 
203@/01 $01331363640 
208@/01 $a10-01-26 $bl 
209S/01 $S0 $uhttps://doi.org/10.34780/k07xr378 $XH 

lok: 54115527 23

exp: 54115527 23 1 #EPN
201B/01 $010-01-26 $t01:01:33.993 
201C/01 $010-01-26 
201U/01 $0utf8 
203@/01 $01331363659 
208@/01 $a10-01-26 $bl 
209S/01 $S0 $uhttps://doi.org/10.34780/k07xr378 $XH 

lok: 54115527 24

exp: 54115527 24 1 #EPN
201B/01 $010-01-26 $t23:24:48.054 
201C/01 $010-01-26 
201U/01 $0utf8 
203@/01 $01331964903 
208@/01 $a10-01-26 $bl 
209S/01 $S0 $uhttps://doi.org/10.34780/k07xr378 $XH 

lok: 54115527 25

exp: 54115527 25 1 #EPN
201B/01 $010-01-26 $t01:01:33.995 
201C/01 $010-01-26 
201U/01 $0utf8 
203@/01 $01331363667 
208@/01 $a10-01-26 $bl 
209S/01 $S0 $uhttps://doi.org/10.34780/k07xr378 $XH 

lok: 54115527 36

exp: 54115527 36 1 #EPN
201B/01 $010-01-26 $t23:24:48.057 
201C/01 $010-01-26 
201U/01 $0utf8 
203@/01 $01331964911 
208@/01 $a10-01-26 $bl 
209S/01 $S0 $uhttps://doi.org/10.34780/k07xr378 $XH 

lok: 54115527 51

exp: 54115527 51 1 #EPN
201B/01 $010-01-26 $t01:01:33.998 
201C/01 $010-01-26 
201U/01 $0utf8 
203@/01 $01331363675 
208@/01 $a10-01-26 $bl 
209S/01 $S0 $uhttps://doi.org/10.34780/k07xr378 $XH 

lok: 54115527 59

exp: 54115527 59 1 #EPN
201B/01 $010-01-26 $t23:24:48.059 
201C/01 $010-01-26 
201U/01 $0utf8 
203@/01 $0133196492X 
208@/01 $a10-01-26 $bl 
209S/01 $S0 $uhttps://doi.org/10.34780/k07xr378 $XH 

lok: 54115527 71

exp: 54115527 71 1 #EPN
201B/01 $010-01-26 $t01:01:34.001 
201C/01 $010-01-26 
201U/01 $0utf8 
203@/01 $01331363683 
208@/01 $a10-01-26 $bl 
209S/01 $S0 $uhttps://doi.org/10.34780/k07xr378 $XH 

lok: 54115527 75

exp: 54115527 75 1 #EPN
201B/01 $010-01-26 $t01:01:34.004 
201C/01 $010-01-26 
201U/01 $0utf8 
203@/01 $01331363691 
208@/01 $a10-01-26 $bl 
209S/01 $S0 $uhttps://doi.org/10.34780/k07xr378 $XH 

lok: 54115527 76

exp: 54115527 76 1 #EPN
201B/01 $010-01-26 $t01:01:34.007 
201C/01 $010-01-26 
201U/01 $0utf8 
203@/01 $01331363705 
208@/01 $a10-01-26 $bl 
209S/01 $S0 $uhttps://doi.org/10.34780/k07xr378 $XH 

lok: 54115527 107

exp: 54115527 107 1 #EPN
201B/01 $010-01-26 $t01:01:34.009 
201C/01 $010-01-26 
201U/01 $0utf8 
203@/01 $01331363713 
208@/01 $a10-01-26 $bl 
209S/01 $S0 $uhttps://doi.org/10.34780/k07xr378 $XH 

lok: 54115527 108

exp: 54115527 108 1 #EPN
201B/01 $010-01-26 $t23:24:48.062 
201C/01 $010-01-26 
201U/01 $0utf8 
203@/01 $01331964938 
208@/01 $a10-01-26 $bl 
209S/01 $S0 $uhttps://doi.org/10.34780/k07xr378 $XH 

lok: 54115527 204

exp: 54115527 204 1 #EPN
201B/01 $010-01-26 $t01:01:34.013 
201C/01 $010-01-26 
201U/01 $0utf8 
203@/01 $01331363721 
208@/01 $a10-01-26 $bl 
209S/01 $S0 $uhttps://doi.org/10.34780/k07xr378 $XH 

lok: 54115527 205

exp: 54115527 205 1 #EPN
201B/01 $010-01-26 $t01:01:34.015 
201C/01 $010-01-26 
201U/01 $0utf8 
203@/01 $0133136373X 
208@/01 $a10-01-26 $bl 
209S/01 $S0 $uhttps://doi.org/10.34780/k07xr378 $XH
LEADER 00000cam a22000002c 4500
001 54115527X
003 DE-603
005 20260110232448.0
007 cr||||||||||||
008 260109s2025 xx |||| o| u00||u|eng
015 |a 26,O01  |2 dnb 
016 7 |2 DE-101  |a 1383746184 
020 |a 9783447123532 
024 7 |a urn:nbn:de:101:1-2512081546496.000960164131  |2 urn 
035 |a (DE-599)DNB1383746184 
040 |a DE-603  |b ger  |c DE-603  |d DE-603 
041 |a eng 
082 7 |8 1\p  |a 759.3  |2 23kdnb 
084 |a 900  |a 750  |q DE-101  |2 sdnb 
084 |a LE 5250  |0 (DE-625)91006:  |0 (DE-603)409840858  |2 rvk 
100 1 |a Kopp, Peter  |e Verfasser  |4 aut  |0 (DE-603)465535526  |0 (DE-588)1211967301  |2 gnd 
245 0 0 |a ˜Theœ village gymnasium at Philoteris/Watfa in the Fayum  |c Peter Kopp, Cornelia Römer ; Mitwirkende: Rita Hartmann, Cäcilia Fluck, Mary F. Ownby, Daniela Rosenow 
250 |a ©2025 
264 1 |a Berlin  |b Deutsches Archäologisches Institut  |c 2025 
300 |a 1 Online-Ressource 
336 |a Text  |b txt  |2 rdacontent 
337 |a Computermedien  |b c  |2 rdamedia 
338 |a Online-Ressource  |b cr  |2 rdacarrier 
490 0 |a Archäologische Veröffentlichungen  |v 10 
500 |a Vom Verlag als Druckwerk on demand und/oder als E-Book angeboten 
500 |a Erscheinungsjahr der gedruckten Ausgabe des Digitalisats: 2025 
521 8 |a Ohne Altersbeschränkung 
650 7 |a Gymnasion  |0 (DE-588)4231786-1  |0 (DE-603)086210793  |2 gnd 
650 7 |a Ausgrabung  |0 (DE-588)4129464-6  |0 (DE-603)085453749  |2 gnd 
650 7 |a Funde  |0 (DE-588)4071507-3  |0 (DE-603)085201480  |2 gnd 
651 7 |a Philoteris  |0 (DE-588)137998520X  |0 (DE-603)534611540  |2 gnd 
700 1 |a Römer, Cornelia  |d 1953-  |e Verfasser  |4 aut  |0 (DE-603)348207069  |0 (DE-588)1059092875  |2 gnd 
700 1 |a Hartmann, Rita  |e Mitwirkender  |4 oth  |0 (DE-603)399451544  |0 (DE-588)1124857095  |2 gnd 
700 1 |a Fluck, Cäcilia  |d 1963-  |e Mitwirkender  |4 oth  |0 (DE-603)425100014  |0 (DE-588)1151050474  |2 gnd 
700 1 |a Ownby, Mary F.  |e Mitwirkender  |4 oth  |0 (DE-603)403253918  |0 (DE-588)1132365481  |2 gnd 
700 1 |a Rosenow, Daniela  |e Mitwirkender  |4 oth  |0 (DE-603)352715421  |0 (DE-588)1064703763  |2 gnd 
856 |u https://nbn-resolving.org/urn:nbn:de:101:1-2512081546496.000960164131  |x Resolving-System 
856 |q application/pdf  |u https://doi.org/10.34780/k07xr378  |x Verlag  |z kostenfrei 
883 0 |8 1\p  |a maschinell gebildet  |c 0,54694  |q DE-101 
924 1 |9 603  |a (DE-603)1331363594  |b DE-603  |c HES  |d d 
924 1 |9 603  |a (DE-603)1331363608  |b DE-603  |c HES  |d d 
924 1 |9 603  |a (DE-603)1331363616  |b DE-603  |c HES  |d d 
924 1 |9 603  |a (DE-603)1331363624  |b DE-603  |c HES  |d d 
924 1 |9 603  |a (DE-603)1331363632  |b DE-603  |c HES  |d d 
924 1 |9 603  |a (DE-603)133196489X  |b DE-603  |c HES  |d d 
924 1 |9 603  |a (DE-603)1331363640  |b DE-603  |c HES  |d d 
924 1 |9 603  |a (DE-603)1331363659  |b DE-603  |c HES  |d d 
924 1 |9 603  |a (DE-603)1331964903  |b DE-603  |c HES  |d d 
924 1 |9 603  |a (DE-603)1331363667  |b DE-603  |c HES  |d d 
924 1 |9 603  |a (DE-603)1331964911  |b DE-603  |c HES  |d d 
924 1 |9 603  |a (DE-603)1331363675  |b DE-603  |c HES  |d d 
924 1 |9 603  |a (DE-603)133196492X  |b DE-603  |c HES  |d d 
924 1 |9 603  |a (DE-603)1331363683  |b DE-603  |c HES  |d d 
924 1 |9 603  |a (DE-603)1331363691  |b DE-603  |c HES  |d d 
924 1 |9 603  |a (DE-603)1331363705  |b DE-603  |c HES  |d d 
924 1 |9 603  |a (DE-603)1331363713  |b DE-603  |c HES  |d d 
924 1 |9 603  |a (DE-603)1331964938  |b DE-603  |c HES  |d d 
924 1 |9 603  |a (DE-603)1331363721  |b DE-603  |c HES  |d d 
924 1 |9 603  |a (DE-603)133136373X  |b DE-603  |c HES  |d d